Geography Quiz

Random Geography or Flags Quiz

Flag Clash Quiz Stats

Quiz Updated Jul 17, 2016

Also try: Sporcle Made Flags
Challenge
Share
Tweet
Score 0/18 Timer 04:00
0 Plays Today
% Correct
Germany & Estonia
83.1%
Jamaica & Macedonia
80.6%
Cyprus & Kosovo
73.8%
Iran & Iraq
72.2%
Malaysia & United States
70.8%
Spain & Swaziland
64%
Liechtenstein & Angola
62.1%
Ethiopia & Croatia
60.7%
South Korea & Burundi
55.3%
% Correct
Honduras & Hungary
54.4%
Nicaragua & Argentina
53.2%
Costa Rica & Thailand
50%
North Korea & Zimbabwe
49.5%
Saint Lucia & Montenegro
47.2%
Azerbaijan & Dominica
45.7%
Suriname & Ghana
43.2%
Ecuador & Mauritius
38.6%
Nauru & Tuvalu
33.8%

You're not logged in!

Compare scores with friends on all Sporcle quizzes.
Sign Up with Email
OR
Log In

You Might Also Like...

Show Comments

Extras

Top Quizzes Today


Score Distribution

Your Account Isn't Verified!

In order to create a playlist on Sporcle, you need to verify the email address you used during registration. Go to your Sporcle Settings to finish the process.